[Event "Ottawa RA Winter op"]
[Site "Ottawa"]
[Date "2019.01.20"]
[Round "4"]
[White "Simic, Dusan"]
[Black "Yang, Fan"]
[Result "1-0"]
[WhiteElo "2154"]
[BlackElo "2183"]
[PlyCount "143"]
[EventDate "2019.01.18"]
[EventType "swiss"]
[EventRounds "5"]
[EventCountry "CAN"]
[SourceTitle "EXT 2022"]
[Source "ChessBase"]
[SourceDate "2021.10.06"]
[SourceVersion "1"]
[SourceVersionDate "2021.10.06"]
[SourceQuality "1"]

1. e4 e5 2. Nf3 Nc6 3. Nc3 Nf6 4. d4 exd4 5. Nxd4 Bb4 6. Nxc6 bxc6 7. Bd3 0-0 8. 0-0 d5 9. exd5 cxd5 10. h3 h6 11. Ne2 c5 12. c3 Ba5 13. Ng3 Bc7 14. Nf5 Bxf5 15. Bxf5 Re8 16. Qf3 Be5 17. g4 d4 18. Rd1 Qb6 19. cxd4 cxd4 20. Bd3 Rad8 21. Bc4 Qb4 22. Bb3 Qb5 23. Rb1 d3 24. Bd2 a5 25. Rdc1 Qd7 26. Kg2 a4 27. Bc4 Rb8 28. b3 axb3 29. Bxb3 Bc7 30. Rxc7 Qxc7 31. Bf4 Rxb3 32. Rxb3 Qc2 33. Rxd3 Qxa2 34. Bxh6 gxh6 35. Qxf6 Qe6 36. Rd6 Qxf6 37. Rxf6 Kg7 38. Ra6 Rb8 39. h4 Rb5 40. Ra7 Rb3 41. Ra5 Rc3 42. f3 Rc2+ 43. Kg3 Rc3 44. Kf4 Rb3 45. Ke4 Rb4+ 46. Ke3 Rb3+ 47. Kf4 Rb4+ 48. Kg3 Rb3 49. Rf5 Ra3 50. g5 hxg5 51. hxg5 Ra1 52. Rf6 Rg1+ 53. Kf4 Ra1 54. Kg4 Rg1+ 55. Kf5 Ra1 56. f4 Ra5+ 57. Kg4 Ra4 58. Kf3 Ra3+ 59. Ke4 Ra4+ 60. Kf3 Ra3+ 61. Kg4 Ra4 62. Rf5 Ra1 63. Rb5 Rg1+ 64. Kf5 Ra1 65. Rd5 Re1 66. Rd7 Re6 67. Ra7 Re1 68. g6 Rb1 69. Rxf7+ Kg8 70. Ra7 Rb5+ 71. Kf6 Rb6+ 72. Kg5 1-0

[Event "CAN-ch U14"]
[Site "Quebec"]
[Date "2018.07.03"]
[Round "4.30"]
[White "Doknjas, Neil"]
[Black "Yang, Fan"]
[Result "1/2-1/2"]
[WhiteElo "1917"]
[BlackElo "2113"]
[PlyCount "83"]
[EventDate "2018.07.02"]
[EventType "swiss"]
[EventRounds "7"]
[EventCountry "CAN"]
[SourceTitle "EXT 2022"]
[Source "ChessBase"]
[SourceDate "2021.10.06"]
[SourceVersion "1"]
[SourceVersionDate "2021.10.06"]
[SourceQuality "1"]

1. e4 e5 2. Nf3 Nc6 3. d4 exd4 4. Nxd4 Bc5 5. Be3 Qf6 6. c3 Nge7 7. Bc4 d6 8. 0-0 Bb6 9. f4 0-0 10. Kh1 Ng6 11. Na3 Bd7 12. Nac2 Qe7 13. Bd5 Nxd4 14. Bxd4 c6 15. Bb3 Qxe4 16. Bxb6 axb6 17. Qxd6 Bh3 18. Rf2 Bxg2+ 19. Rxg2 Nxf4 20. Qd2 Rad8 21. Qf2 Qxg2+ 22. Qxg2 Nxg2 23. Kxg2 Rd2+ 24. Kg1 g6 25. Re1 Rd7 26. Na3 b5 27. Nc2 Kg7 28. Nd4 b4 29. Bc4 bxc3 30. bxc3 Rfd8 31. Re5 Rc8 32. Re2 b5 33. Bb3 Rcc7 34. Kg2 Rd8 35. Kf2 b4 36. Nf3 bxc3 37. Rc2 c5 38. Rxc3 f6 39. Bc4 h6 40. Bb3 Rd6 41. Bc4 Rd8 42. Bb3 1/2-1/2

[Event "CAN-ch U20"]
[Site "Mississauga"]
[Date "2017.08.13"]
[Round "9"]
[White "Yang, Fan"]
[Black "Xu, Daniel"]
[Result "1-0"]
[WhiteElo "1986"]
[BlackElo "1621"]
[PlyCount "143"]
[EventDate "2017.08.09"]
[EventType "swiss"]
[EventRounds "9"]
[EventCountry "CAN"]
[SourceTitle "CBM 180 Extra"]
[Source "ChessBase"]
[SourceDate "2017.10.06"]
[SourceVersion "1"]
[SourceVersionDate "2017.10.06"]
[SourceQuality "1"]

1. e4 e5 2. Nf3 Nc6 3. Bc4 Bc5 4. c3 Nf6 5. d3 d6 6. Bb3 h6 7. Nbd2 0-0 8. 0-0 Qe7 9. Re1 Ng4 10. Rf1 Be6 11. h3 Nf6 12. Bc2 Nd7 13. Nb3 Bb6 14. Re1 Qf6 15. Be3 Bxe3 16. fxe3 Qg6 17. Kh2 Ne7 18. Nbd2 f6 19. d4 c6 20. Nf1 Qf7 21. Ng3 Rfd8 22. Rf1 Ng6 23. d5 Nb6 24. dxe6 Qxe6 25. Bb3 d5 26. exd5 cxd5 27. e4 Kh8 28. exd5 Nxd5 29. Bxd5 Rxd5 30. Qb3 Qc6 31. Rad1 Rxd1 32. Rxd1 Qc7 33. Qa4 Nf8 34. Kh1 a6 35. Nf5 Rd8 36. Rxd8 Qxd8 37. Qb4 b5 38. Qe7 Qxe7 39. Nxe7 Ne6 40. g3 g5 41. Kg2 Kg7 42. Kf2 Kf7 43. Nd5 Kg6 44. Ke3 h5 45. b4 Kf7 46. Ke4 Kg6 47. Ne7+ Kf7 48. Nc6 Nc7 49. Nd2 Ke6 50. c4 f5+ 51. Ke3 Kd6 52. Na5 bxc4 53. Naxc4+ Kd5 54. Nb2 Ke6 55. a3 Nb5 56. a4 Nc7 57. Kd3 Kd5 58. Nd1 e4+ 59. Ke3 Ke5 60. Nc3 f4+ 61. gxf4+ gxf4+ 62. Ke2 e3 63. Nf3+ Kf5 64. Kd3 Ne8 65. Nd5 Nd6 66. Kd4 Nb7 67. Nc3 a5 68. b5 Nd8 69. Kd5 Nb7 70. Ne2 Nd8 71. Ned4+ Kf6 72. Ke4 1-0

[Event "CAN-ch U20"]
[Site "Mississauga"]
[Date "2017.08.11"]
[Round "5"]
[White "Yang, Fan"]
[Black "Zhang, Henry"]
[Result "1/2-1/2"]
[WhiteElo "1986"]
[BlackElo "1874"]
[PlyCount "56"]
[EventDate "2017.08.09"]
[EventType "swiss"]
[EventRounds "9"]
[EventCountry "CAN"]
[SourceTitle "CBM 180 Extra"]
[Source "ChessBase"]
[SourceDate "2017.10.06"]
[SourceVersion "1"]
[SourceVersionDate "2017.10.06"]
[SourceQuality "1"]

1. e4 c5 2. Nf3 e6 3. d4 cxd4 4. Nxd4 Nc6 5. Nc3 Qc7 6. a3 a6 7. Be3 Nf6 8. Be2 Be7 9. 0-0 0-0 10. Kh1 d6 11. f4 Re8 12. Bf3 Rb8 13. Qe1 Bf8 14. Rb1 Bd7 15. Qf2 b5 16. Nxc6 Bxc6 17. Rfd1 b4 18. axb4 Rxb4 19. Rd4 Rxd4 20. Bxd4 e5 21. fxe5 dxe5 22. Bc5 Qb7 23. Bxf8 Rxf8 24. Qe3 Rd8 25. b3 h6 26. Re1 Rd4 27. Ne2 Rd6 28. Ng3 Qd7 1/2-1/2

[Event "Gatineau Outaouais op"]
[Site "Gatineau"]
[Date "2016.06.05"]
[Round "5"]
[White "Vettese, Nicholas"]
[Black "Yang, Fan"]
[Result "1-0"]
[WhiteElo "2275"]
[BlackElo "2021"]
[PlyCount "75"]
[EventDate "2016.06.03"]
[EventType "swiss"]
[EventRounds "5"]
[EventCountry "CAN"]
[SourceTitle "EXT 2022"]
[Source "ChessBase"]
[SourceDate "2021.10.06"]
[SourceVersion "1"]
[SourceVersionDate "2021.10.06"]
[SourceQuality "1"]

1. e4 e5 2. Nf3 Nc6 3. Bc4 Bc5 4. c3 Nf6 5. d3 h6 6. 0-0 d6 7. Bb3 0-0 8. Re1 Bg4 9. h3 Bh5 10. Nbd2 Re8 11. Nf1 Bg6 12. Ng3 d5 13. exd5 Nxd5 14. d4 exd4 15. Rxe8+ Qxe8 16. Bxd5 dxc3 17. bxc3 Rd8 18. c4 Nb4 19. Ba3 c6 20. Bxb4 Bxb4 21. Qa4 Qe7 22. Be4 Bxe4 23. Nxe4 b5 24. Qc2 Ba5 25. Rb1 a6 26. Rc1 Bb6 27. c5 Bc7 28. Re1 Qd7 29. Nc3 Ba5 30. Rd1 Qc7 31. Rxd8+ Qxd8 32. Ne4 Bc7 33. Qd2 Qe7 34. Qd3 a5 35. Nd6 Qe6 36. Qf5 Qe7 37. Qe5 Qf8 38. Nd4 1-0

[Event "Gatineau Outaouais op"]
[Site "Gatineau"]
[Date "2016.06.04"]
[Round "2"]
[White "Yang, Fan"]
[Black "Sivapathasundaram, Manojh"]
[Result "1-0"]
[WhiteElo "2021"]
[BlackElo "1846"]
[PlyCount "67"]
[EventDate "2016.06.03"]
[EventType "swiss"]
[EventRounds "5"]
[EventCountry "CAN"]
[SourceTitle "EXT 2022"]
[Source "ChessBase"]
[SourceDate "2021.10.06"]
[SourceVersion "1"]
[SourceVersionDate "2021.10.06"]
[SourceQuality "1"]

1. e4 c5 2. Nf3 d6 3. d4 cxd4 4. Nxd4 Nf6 5. Nc3 a6 6. Be3 g6 7. f3 Bg7 8. Bc4 Nc6 9. Qd2 0-0 10. 0-0-0 Nxd4 11. Bxd4 b5 12. Bb3 Bd7 13. Nd5 Nxd5 14. Bxd5 Rc8 15. Bxg7 Kxg7 16. h4 h5 17. Rdg1 Rh8 18. g4 Bc6 19. gxh5 Rxh5 20. Rg5 Qh8 21. Qc3+ Kh7 22. Bxf7 Qxc3 23. Bxg6+ Kh6 24. Rxh5+ Kxg6 25. Rg5+ Kf6 26. bxc3 Bd7 27. Kd2 Rh8 28. Rgg1 Be6 29. a3 Rh5 30. f4 d5 31. e5+ Kf5 32. Rg5+ Rxg5 33. fxg5 Kxe5 34. h5 1-0

[Event "Gatineau op"]
[Site "Gatineau"]
[Date "2016.03.06"]
[Round "4"]
[White "Marin, Sam"]
[Black "Yang, Fan"]
[Result "1/2-1/2"]
[WhiteElo "1975"]
[BlackElo "2018"]
[PlyCount "104"]
[EventDate "2016.03.04"]
[EventType "swiss"]
[EventRounds "5"]
[EventCountry "CAN"]
[SourceTitle "EXT 2022"]
[Source "ChessBase"]
[SourceDate "2021.10.06"]
[SourceVersion "1"]
[SourceVersionDate "2021.10.06"]
[SourceQuality "1"]

1. e4 e5 2. Nf3 Nc6 3. d4 exd4 4. Nxd4 Bc5 5. Be3 Qf6 6. c3 Nge7 7. Bc4 Ne5 8. Be2 d6 9. 0-0 Qg6 10. Nd2 Bh3 11. Bf3 0-0 12. Kh1 Nxf3 13. Qxf3 Bd7 14. b4 Bb6 15. a4 c6 16. a5 Bc7 17. a6 d5 18. Bf4 Bxf4 19. Qxf4 b6 20. Qc7 Rfd8 21. N2f3 Qf6 22. e5 Qg6 23. Rfe1 Nf5 24. e6 fxe6 25. Ne5 Qg5 26. Nxf5 Qxf5 27. Nxd7 Qf7 28. Qxc6 Qxd7 29. Qxd7 Rxd7 30. Rxe6 Rc8 31. Re3 Rdc7 32. g3 Rxc3 33. Rxc3 Rxc3 34. Rd1 Rc4 35. Rxd5 Rxb4 36. Rd7 Ra4 37. Rxa7 b5 38. Kg2 b4 39. Kf3 b3 40. Rb7 Rxa6 41. Rxb3 Ra4 42. Rb7 h6 43. g4 g5 44. Kg3 Kh8 45. h4 Ra3+ 46. f3 gxh4+ 47. Kxh4 Rxf3 48. Kh5 Rf6 49. Re7 Kg8 50. Ra7 Kh8 51. g5 hxg5 52. Kxg5 Rb6 1/2-1/2

[Event "Outaouais op U1900"]
[Site "Gatineau"]
[Date "2015.06.05"]
[Round "1"]
[White "Danilov, Alex"]
[Black "Yang, Fan"]
[Result "1-0"]
[WhiteElo "1787"]
[BlackElo "1674"]
[PlyCount "121"]
[EventDate "2015.06.05"]
[EventType "swiss"]
[EventRounds "5"]
[EventCountry "CAN"]
[SourceTitle "EXT 2019"]
[Source "ChessBase"]
[SourceDate "2018.10.10"]
[SourceVersion "1"]
[SourceVersionDate "2018.10.10"]
[SourceQuality "1"]

1. Nf3 d5 2. d4 Nf6 3. c4 c6 4. Nc3 dxc4 5. e4 e6 6. Bxc4 Bb4 7. Qc2 Nbd7 8. 0-0 b6 9. a3 Be7 10. d5 cxd5 11. exd5 exd5 12. Nxd5 0-0 13. Bf4 Bb7 14. Bc7 Qe8 15. Ng5 h6 16. Rfe1 Bxd5 17. Bxd5 Rc8 18. Bb7 Rxc7 19. Qxc7 hxg5 20. Bc6 Qb8 21. Qxb8 Nxb8 22. Rxe7 Nxc6 23. Rc7 Nd4 24. Rxa7 Rc8 25. Ra4 Nb3 26. Rd1 Rc2 27. Rb4 Rxb2 28. f3 Rd2 29. Rxd2 Nxd2 30. Kf2 b5 31. Rxb5 Nc4 32. a4 g4 33. a5 Nxa5 34. Rxa5 gxf3 35. Kxf3 Kh7 36. Kf4 g6 37. h3 Kg7 38. g4 Ne8 39. Ra8 Nc7 40. Ra5 Ne6+ 41. Kg3 g5 42. Kf3 Kg6 43. Ke4 f6 44. Rf5 Nc7 45. Kd4 Ne6+ 46. Ke4 Nc7 47. Rc5 Ne6 48. Rc8 Kg7 49. Rc6 Kf7 50. Rd6 Ke7 51. Rc6 Kf7 52. Rb6 Ng7 53. Rb7+ Kg6 54. Re7 Kh6 55. Kd5 Kg6 56. Ra7 Ne8 57. Ke6 Ng7+ 58. Ke7 f5 59. Ra6+ Kh7 60. gxf5 Nxf5+ 61. Kf6 1-0

[Event "Gatineau Outaouais op U1500"]
[Site "Gatineau"]
[Date "2014.06.08"]
[Round "4"]
[White "Carriere, Stephen"]
[Black "Yang, Fan"]
[Result "0-1"]
[WhiteElo "1268"]
[BlackElo "1462"]
[PlyCount "99"]
[EventDate "2014.06.06"]
[EventType "swiss"]
[EventRounds "5"]
[EventCountry "CAN"]
[SourceTitle "EXT 2022"]
[Source "ChessBase"]
[SourceDate "2021.10.06"]
[SourceVersion "1"]
[SourceVersionDate "2021.10.06"]
[SourceQuality "1"]

1. e4 e5 2. Nf3 Nc6 3. Bc4 Bc5 4. b4 Nxb4 5. c3 Nc6 6. d4 exd4 7. cxd4 Bb4+ 8. Bd2 Bxd2+ 9. Nbxd2 d6 10. Qb3 Qe7 11. 0-0 Nf6 12. e5 dxe5 13. dxe5 Ng4 14. Rfe1 0-0 15. e6 f6 16. Re4 f5 17. Re2 Kh8 18. Rae1 Na5 19. Qc3 Nxc4 20. Nxc4 Nf6 21. Ng5 Kg8 22. Qh3 h6 23. Qxf5 hxg5 24. Qxg5 c6 25. Ne5 Nd5 26. Qh5 Nf4 27. Ng6 Nxg6 28. Qxg6 Rf6 29. Qg4 b6 30. f4 Ba6 31. Rd2 Rd8 32. Rxd8+ Qxd8 33. e7 Qe8 34. f5 Bc8 35. Qc4+ Kh8 36. Qh4+ Rh6 37. Qf4 Bd7 38. g4 Rf6 39. Re3 c5 40. Qc7 a5 41. Qd8 Kh7 42. Qxd7 Qxd7 43. e8Q Qd1+ 44. Kg2 Qxg4+ 45. Rg3 Qxf5 46. Rh3+ Rh6 47. Rxh6+ Kxh6 48. Qc6+ Qg6+ 49. Qxg6+ Kxg6 50. Kf3 0-1